Southville International School and Colleges
Your cart is empty.
  • Cart
  • Lists
    Public lists Eva Luna New books Lux_list list_1
    Your lists Log in to create your own lists
  • Log in to your account
  • Your cookies
  • Search history
Southville International School and Colleges
  • Advanced search
  • Recent comments
  • Most popular
  • Libraries

Log in to your account

Log in with GOOGLE


If you do not have an external account, but do have a local account, you can still log in:

  1. Home
  2. MARC view: The theory and practice of archaeology :
Normal view MARC view ISBD view

The theory and practice of archaeology : (Record no. 10105)

[ view plain ]
MARC details
000 -LEADER
fixed length control field 00563nam a22001937a 4500
003 - CONTROL NUMBER IDENTIFIER
control field OSt
005 - DATE AND TIME OF LATEST TRANSACTION
control field 20140310182156.0
008 - FIXED-LENGTH DATA ELEMENTS--GENERAL INFORMATION
fixed length control field 130831t xxu||||| |||| 00| 0 eng d
020 ## - INTERNATIONAL STANDARD BOOK NUMBER
International Standard Book Number 13913350X
050 ## - LIBRARY OF CONGRESS CALL NUMBER
Classification number CC 72
Item number .P317 2005
082 ## - DEWEY DECIMAL CLASSIFICATION NUMBER
Classification number HS 930.1
Item number P277 1983
100 ## - MAIN ENTRY--PERSONAL NAME
Relator code Patterson, Thomas
245 ## - TITLE STATEMENT
Title The theory and practice of archaeology :
Remainder of title a workbook /
Statement of responsibility, etc Thomas C. Petterson.
260 ## - PUBLICATION, DISTRIBUTION, ETC. (IMPRINT)
Place of publication, distribution, etc New Jersey :
Name of publisher, distributor, etc Prentice Hall Inc,
Date of publication, distribution, etc 1983.
300 ## - PHYSICAL DESCRIPTION
Extent 150 p.;
Dimensions 23.4 cm.
650 ## - SUBJECT ADDED ENTRY--TOPICAL TERM
Topical term or geographic name as entry element Archaeology
General subdivision theory
9 (RLIN) 15981
942 ## - ADDED ENTRY ELEMENTS (KOHA)
Source of classification or shelving scheme Library of Congress Classification
Koha item type
Holdings
Withdrawn status Lost status Source of classification or shelving scheme Damaged status Home library Current library Shelving location Date acquired Total Checkouts Full call number Barcode Date last seen Copy number Price effective from Koha item type
    Library of Congress Classification   Luxembourg Library Luxembourg Library High School Section 08/31/2013   CC 72 .P317 2005 2667 08/31/2013 1 08/31/2013 Books

The theory and practice of archaeology :

APA

(1983). The theory and practice of archaeology. New Jersey: Prentice Hall Inc.

Chicago

1983. The theory and practice of archaeology. New Jersey: Prentice Hall Inc.

Harvard

(1983). The theory and practice of archaeology. New Jersey: Prentice Hall Inc.

MLA

The theory and practice of archaeology. New Jersey: Prentice Hall Inc. 1983.

  • Place hold
  • Print
  • Cite
  • Add to your cart (remove)
  • Save record
    BIBTEX Dublin Core MARCXML MARC (non-Unicode/MARC-8) MARC (Unicode/UTF-8) MARC (Unicode/UTF-8, Standard) MODS (XML) RIS
  • More searches
    Search for this title in:
    Other Libraries (WorldCat) Other Databases (Google Scholar) Online Stores (Bookfinder.com) Open Library (openlibrary.org)

Exporting to Dublin Core...

SOUTHVILLE LIBRARY

Southville International School and Colleges Library

1281 Tropical Ave. Cor. Luxembourg St., BF Homes International, Las Pinas City

Tel. No. 8256374 / 252358 Loc. 117/146

Powered by Koha